Indian Cricketers in ODI World Cup - Statistics

General Stats
  • This quiz has been taken 52 times
  • The average score is 121 of 203
Answer Stats
WC Hint Player % Correct
2015 Rohit Sharma
100%
2019 vc Rohit Sharma
100%
2023 c Rohit Sharma
100%
2011 Virat Kohli
100%
2015 vc Virat Kohli
100%
2019 c Virat Kohli
100%
2023 Virat Kohli
100%
2007 wk MS Dhoni
97%
2011 c, wk MS Dhoni
97%
2015 c, wk MS Dhoni
97%
2019 wk MS Dhoni
97%
1992 Sachin Tendulkar
97%
1996 vc Sachin Tendulkar
97%
1999 Sachin Tendulkar
97%
2003 Sachin Tendulkar
97%
2007 Sachin Tendulkar
97%
2011 Sachin Tendulkar
97%
1992 Ajay Jadeja
94%
1996 Ajay Jadeja
94%
1999 vc Ajay Jadeja
94%
1999 Rahul Dravid
94%
2003 vc, wk Rahul Dravid
94%
2007 c Rahul Dravid
94%
2023 coach Rahul Dravid
94%
2015 Ravindra Jadeja
94%
2019 Ravindra Jadeja
94%
2023 Ravindra Jadeja
94%
2023 Suryakumar Yadav
94%
2019 Hardik Pandya
92%
2023 vc Hardik Pandya
92%
1979 Kapil Dev
92%
1983 c Kapil Dev
92%
1987 Kapil Dev
92%
1992 Kapil Dev
92%
2015 Mohit Sharma
92%
1999 Sourav Ganguly
92%
2003 c Sourav Ganguly
92%
2007 Sourav Ganguly
92%
2003 Yuvraj Singh
92%
2007 vc Yuvraj Singh
92%
2011 Yuvraj Singh
92%
2003 Harbhajan Singh
89%
2007 Harbhajan Singh
89%
2011 Harbhajan Singh
89%
2019 Jasprit Bumrah
89%
2023 Jasprit Bumrah
89%
2019 wk KL Rahul
89%
2023 wk KL Rahul
89%
2019 Kuldeep Yadav
89%
2023 Kuldeep Yadav
89%
2019 Rishabh Pant
89%
2015 Umesh Yadav
89%
1979 Yashpal Sharma
89%
1983 Yashpal Sharma
89%
1987 Chetan Sharma
86%
1975 Parthasarathy Sharma
86%
2011 Ravichandran Ashwin
86%
2015 Ravichandran Ashwin
86%
2023 Ravichandran Ashwin
86%
1987 Maninder Singh
83%
1983 coach Man Singh
83%
1987 coach Man Singh
83%
1999 Robin Singh
83%
1979 Yajurvindra Singh
83%
2015 Mohammed Shami
81%
2019 Mohammed Shami
81%
2023 Mohammed Shami
81%
2023 Shubman Gill
81%
2003 Virender Sehwag
81%
2007 Virender Sehwag
81%
2011 vc Virender Sehwag
81%
2007 wk Dinesh Karthik
78%
2019 Dinesh Karthik
78%
2011 Gautam Gambhir
78%
1975 Sunil Gavaskar
78%
1979 vc Sunil Gavaskar
78%
1983 Sunil Gavaskar
78%
1987 Sunil Gavaskar
78%
2019 Yuzvendra Chahal
78%
2003 Zaheer Khan
78%
2007 Zaheer Khan
78%
2011 Zaheer Khan
78%
2015 Axar Patel
75%
2023 Mohammed Siraj
75%
2007 Munaf Patel
75%
2011 Munaf Patel
75%
1975 Brijesh Patel
72%
1979 Brijesh Patel
72%
2003 wk Parthiv Patel
72%
1983 Ravi Shastri
72%
1987 Ravi Shastri
72%
1992 vc Ravi Shastri
72%
2019 coach Ravi Shastri
72%
2011 Suresh Raina
72%
2015 Suresh Raina
72%
1996 Anil Kumble
69%
1999 Anil Kumble
69%
2003 Anil Kumble
69%
2007 Anil Kumble
69%
2015 Bhuvneshwar Kumar
69%
2019 Bhuvneshwar Kumar
69%
2015 Shikhar Dhawan
69%
2019 Shikhar Dhawan
69%
2007 Irfan Pathan
67%
2011 Irfan Pathan
67%
2023 Shreyas Iyer
67%
2023 wk Ishan Kishan
64%
2007 Shanthakumaran Sreesanth
61%
2011 Shanthakumaran Sreesanth
61%
2003 Ashish Nehra
58%
2011 Ashish Nehra
58%
1992 Javagal Srinath
58%
1996 Javagal Srinath
58%
1999 Javagal Srinath
58%
2003 Javagal Srinath
58%
1975 Mohinder Amarnath
58%
1979 Mohinder Amarnath
58%
1983 vc Mohinder Amarnath
58%
1983 Roger Binny
58%
1987 Roger Binny
58%
2015 Stuart Binny
58%
1983 Krishnamachari Srikkanth
56%
1987 Krishnamachari Srikkanth
56%
1992 Krishnamachari Srikkanth
56%
1987 Mohammad Azharuddin
53%
1992 c Mohammad Azharuddin
53%
1996 c Mohammad Azharuddin
53%
1999 c Mohammad Azharuddin
53%
2003 Mohammad Kaif
53%
2011 coach Gary Kirsten
50%
1975 wk Syed Kirmani
50%
1983 wk Syed Kirmani
50%
1999 Ajit Agarkar
44%
2003 Ajit Agarkar
44%
2007 Ajit Agarkar
44%
2003 Dinesh Mongia
44%
1996 wk Nayan Mongia
44%
1999 wk Nayan Mongia
44%
2015 Ajinkya Rahane
42%
2011 Piyush Chawla
42%
2023 Shardul Thakur
42%
2019 Vijay Shankar
42%
1975 Madan Lal
39%
1983 Madan Lal
39%
2015 wk Ambati Rayudu
36%
1975 wk Farokh Engineer
36%
1987 Navjot Sidhu
36%
1996 Navjot Sidhu
36%
1983 Sandip Patil
36%
1975 vc Bishen Bedi
33%
1979 Bishen Bedi
33%
2007 coach Greg Chappell
33%
2019 Kedar Jadhav
33%
2007 Robin Uthappa
33%
1979 Dilip Vengsarkar
31%
1983 Dilip Vengsarkar
31%
1987 vc Dilip Vengsarkar
31%
1996 Venkatesh Prasad
31%
1999 Venkatesh Prasad
31%
1992 Vinod Kambli
31%
1996 Vinod Kambli
31%
1987 wk Kiran More
28%
1992 wk Kiran More
28%
1983 Balwinder Sandhu
25%
2003 coach John Wright
25%
2023 Prasidh Krishna
25%
1975 Abid Ali
22%
1979 Gundappa Viswanath
22%
1979 Gundappa Viswanath
22%
1999 Sadagoppan Ramesh
22%
1992 Venkatapathy Raju
22%
1996 Venkatapathy Raju
22%
1975 Anshuman Gaekwad
19%
1979 Anshuman Gaekwad
19%
1999 coach Anshuman Gaekwad
19%
1992 Sanjay Manjrekar
19%
1996 Sanjay Manjrekar
19%
2015 coach Duncan Fletcher
17%
1983 Kirti Azad
17%
1996 Aashish Kapoor
14%
1999 Debasis Mohanty
14%
1999 Nikhil Chopra
14%
2003 Sanjay Bangar
14%
1983 Sunil Valson
14%
1996 coach Ajit Wadekar
11%
1987 Manoj Prabhakar
11%
1992 Manoj Prabhakar
11%
1996 Manoj Prabhakar
11%
1992 Pravin Amre
11%
1975 Eknath Solkar
8%
1987 Laxman Sivaramakrishnan
8%
1975 c Srinivasaraghavan Venkataraghavan
8%
1979 c Srinivasaraghavan Venkataraghavan
8%
1987 Chandrakant Pandit
6%
1996 Salil Ankola
6%
1999 Amay Khurasiya
3%
1975 Karsan Ghavri
3%
1979 Karsan Ghavri
3%
1992 Subroto Banerjee
3%
1992 coach Abbas Baig
0%
1979 Bharath Reddy
0%
1979 coach Gulabrai Ramchand
0%
1979 wk Surinder Khanna
0%
No matching quizzes found
Score Distribution
Percent of People with Each Score
Percentile by Number Answered
Your Score History
You have not taken this quiz